[Event "CrazyShack: XLVIII Monthly Variant (CrazyShack)"]
[Site "SchemingMind.com"]
[Date "2014.03.21"]
[Round "-"]
[White "Houarzhon"]
[Black "Ingemar Assarsjö"]
[Result "1-0"]
[WhiteCountry "FRA"]
[BlackCountry "SWE"]
[WhiteElo "1510"]
[WhiteRD "131"]
[BlackElo "1326"]
[BlackRD "134"]
[GameID "351662"]

1. e4 e5 2. Bc4 Bc5 3. Nf3 d6 4. O-O Bg4 5. d3 c6 6. Be3 Bxe3 7. fxe3 Nf6 8. Qe1 O-O 9. Nbd2 Nbd7 10. Qg3 h6
11. Nh4 d5 12. exd5 cxd5 13. Bb5 a6 14. Bxd7 Qxd7 15. B@f5 Bxf5 16. Nxf5 B@g6 17. N@e7+ Kh8 18. Nxg6+ fxg6 19. Qxg6 B@h7 20. Qg3 Bxf5
21. P@g5 hxg5 22. Qxg5 Bg4 23. B@f5 Bxf5 24. Rxf5 N@f7 25. Qh4+ B@h6 26. Rf3 B@g5 27. Qg3 P@g4 28. B@f5 Bxe3+ 29. Rxe3 Bxe3+ 30. Qxe3 Qxf5
31. c3 B@f2+ 32. Qxf2 Qxd3 33. B@f5 Ne4 34. Nxe4 dxe4 35. N@g6+ Kg8 36. Ne7+ Kh8 37. Ng6+ Kg8 38. B@e3 R@e2 39. B@f1 Rxf2 40. Bxd3 Rxf5
41. Ne7+ Kh8 42. B@g6 P@h7 43. Bxf5 exd3 44. Bxd3 Nd6 45. Bxh7 N@f5 46. Bxf5 Nxf5 47. N@g6+ Kh7 48. Nxf8+ Rxf8 49. Q@g6+
1-0

[Event "CrazyShack: XLVIII Monthly Variant (CrazyShack)"]
[Site "SchemingMind.com"]
[Date "2014.03.21"]
[Round "-"]
[White "Ingemar Assarsjö"]
[Black "Houarzhon"]
[Result "0-1"]
[WhiteCountry "SWE"]
[BlackCountry "FRA"]
[WhiteElo "1326"]
[WhiteRD "134"]
[BlackElo "1510"]
[BlackRD "131"]
[GameID "351663"]

1. e4 e6 2. d4 Nf6 3. f3 c6 4. Bg5 Be7 5. Nd2 d6 6. Nb3 a5 7. a4 O-O 8. Bd3 Na6 9. c3 e5 10. Ne2 Nc7
11. O-O Be6 12. Nd2 h6 13. Bh4 Nh7 14. Bxe7 Qxe7 15. Ng3 Ng5 16. B@b3 Bxb3 17. Qxb3 Nce6 18. Nf5 Qd7 19. B@e7 Nf4 20. Bxf8 Rxf8
21. Bc4 exd4 22. cxd4 B@e2 23. Rfe1 Bxc4 24. Nxc4 B@e6 25. R@e7 Bxf5 26. Rxd7 Bxd7 27. Nxd6 N@h3+ 28. Kh1 R@g1+
0-1

[Event "CrazyShack: XLVIII Monthly Variant (CrazyShack)"]
[Site "SchemingMind.com"]
[Date "2014.03.26"]
[Round "-"]
[White "Houarzhon"]
[Black "Buckaroo Bob"]
[Result "0-1"]
[WhiteCountry "FRA"]
[BlackCountry "USA"]
[WhiteElo "1510"]
[WhiteRD "131"]
[BlackElo "1709"]
[BlackRD "143"]
[GameID "351664"]

1. e4 e5 2. Nf3 Nc6 3. Bb5 Nf6 4. d3 Bc5 5. Bxc6 dxc6 6. Nxe5 Nxe4 7. O-O Nxf2 8. Rxf2 Bxf2+ 9. Kxf2 B@d4+ 10. P@e3 Bxe5
11. Kg1 Bxh2+ 12. Kxh2 Qh4+ 13. B@h3 N@g4+ 14. Kh1 R@h2+
0-1

[Event "CrazyShack: XLVIII Monthly Variant (CrazyShack)"]
[Site "SchemingMind.com"]
[Date "2014.03.26"]
[Round "-"]
[White "Buckaroo Bob"]
[Black "Houarzhon"]
[Result "1-0"]
[WhiteCountry "USA"]
[BlackCountry "FRA"]
[WhiteElo "1679"]
[WhiteRD "125"]
[BlackElo "1484"]
[BlackRD "121"]
[GameID "351665"]

1. e4 e5 2. Nf3 d6 3. Nc3 Bg4 4. Bc4 Bxf3 5. Qxf3 Nf6 6. d3 Be7 7. Bxf7+ Kxf7 8. P@g5 c6 9. B@b3+ N@e6 10. Bxe6+ Kxe6
11. Qf5+ Kf7 12. gxf6 Bxf6 13. N@g5+ Ke8 14. Qe6+ B@e7 15. Nf7 Qd7 16. Qxd7+ Kxd7 17. Nxh8 Na6 18. Nf7 B@e6 19. N@g5 Bxf7 20. Nxf7 Nb4
21. B@b3 P@e6 22. Q@h3 d5 23. exd5 cxd5 24. R@b5 b6 25. Nxd5 Nxd5 26. Bxd5 N@c7 27. Bxa8 Nxa8 28. P@g5 Nc7 29. gxf6 gxf6 30. B@c4 B@c6
31. Rxe5 P@d5 32. Bxd5 Bxd5 33. Rxd5+ Nxd5 34. B@a4+ P@c6 35. Bxc6+ Kxc6 36. Qxe6+ B@d6 37. N@d4+ Kc7 38. R@d7+ Kb8 39. Nc6+
1-0

[Event "CrazyShack: XLVIII Monthly Variant (CrazyShack)"]
[Site "SchemingMind.com"]
[Date "2014.03.21"]
[Round "-"]
[White "Houarzhon"]
[Black "michel"]
[Result "0-1"]
[WhiteCountry "FRA"]
[BlackCountry "CAN"]
[WhiteElo "1484"]
[WhiteRD "121"]
[BlackElo "1702"]
[BlackRD "117"]
[GameID "351666"]

1. e4 e5 2. Nf3 Nc6 3. Bc4 Be7 4. d3 Nf6 5. Nc3 d6 6. O-O O-O 7. Bg5 Bg4 8. Bxf6 Bxf6 9. Nd5 B@e6 10. Nxf6+ Qxf6
11. B@g5 Bxf3 12. Bxf6 Bxd1 13. Bxg7 Kxg7 14. Raxd1 N@h3+ 15. gxh3 Bxh3 16. P@g2 Q@g4 17. N@g3 P@g6 18. B@f3 Qd7 19. gxh3 Kh8 20. Bg4 B@e6
21. Bcxe6 fxe6 22. c3 Rf4 23. B@d2 Raf8 24. Bxf4 exf4 25. R@f3 Ne5 26. B@d4 B@g7 27. Bxe5 dxe5 28. Ne2 h5 29. Bxe6 Qxe6 30. P@g2 N@g5
31. N@d2 c5 32. d4 cxd4 33. cxd4 P@g4 34. Rb3 gxh3 35. gxh3 Nxh3+ 36. Rxh3 Qxh3 37. P@g2 Qd7 38. dxe5 B@d3 39. Rfe1 Bxe2 40. Rxe2 f3
41. gxf3 N@f4 42. B@f1 B@h3 43. P@g2 Bxg2 44. Bxg2 Nxe2+ 45. Kh1 Qxd2 46. Rf1 N@d3 47. B@g1 Nxe5 48. N@b3 Qg5 49. N@e1 P@d2 50. Nxd2 Qxd2
51. Q@b3 Nf4 52. Qxb7 P@h3 53. Bxh3 Nxh3 54. P@g2 P@e2 55. P@e7 Rg8 56. gxh3 exf1=Q 57. e8=Q Rxe8 58. P@f7 Qxg1+ 59. Kxg1 Qxe1+ 60. N@f1 N@e2+
0-1

[Event "CrazyShack: XLVIII Monthly Variant (CrazyShack)"]
[Site "SchemingMind.com"]
[Date "2014.03.21"]
[Round "-"]
[White "michel"]
[Black "Houarzhon"]
[Result "1-0"]
[WhiteCountry "CAN"]
[BlackCountry "FRA"]
[WhiteElo "1705"]
[WhiteRD "129"]
[BlackElo "1510"]
[BlackRD "131"]
[GameID "351667"]

1. Nf3 d5 2. d4 Bf5 3. Bf4 e6 4. e3 Nf6 5. Bd3 Bxd3 6. cxd3 Bd6 7. Bxd6 cxd6 8. O-O Nc6 9. Nc3 O-O 10. e4 Qb6
11. B@g5 Nxd4 12. Bxf6 gxf6 13. Nxd4 Qxd4 14. Qd2 dxe4 15. Nxe4 P@g7 16. B@c3 Qb6 17. Bxf6 B@h8 18. N@e7#
1-0

[Event "CrazyShack: XLVIII Monthly Variant (CrazyShack)"]
[Site "SchemingMind.com"]
[Date "2014.03.26"]
[Round "-"]
[White "Houarzhon"]
[Black "Adrian Grajczak"]
[Result "1-0"]
[WhiteCountry "FRA"]
[BlackCountry "POL"]
[WhiteElo "1499"]
[WhiteRD "117"]
[BlackElo "1267"]
[BlackRD "131"]
[GameID "351668"]

1. e4 c5 2. Bc4 Nc6 3. f4 e6 4. d3 d6 5. Nf3 Nf6 6. O-O Be7 7. e5 dxe5 8. fxe5 Nd5 9. Qe2 O-O 10. Nbd2 Nf4
11. Qe1 P@e2 12. Rf2 Na5 13. P@g3 Nxc4 14. Nxc4 b5 15. Na3 b4 16. gxf4 bxa3 17. bxa3 N@d4 18. Nxd4 Qxd4 19. P@c3 Qd8 20. Qxe2 Rb8
21. N@c4 B@d5 22. Bd2 Bxc4 23. dxc4 Qa5 24. N@e4 Qxa3 25. P@f6 gxf6 26. exf6 Bd8 27. Qg4+ P@g7 28. Qxg7#
1-0

[Event "CrazyShack: XLVIII Monthly Variant (CrazyShack)"]
[Site "SchemingMind.com"]
[Date "2014.03.26"]
[Round "-"]
[White "Adrian Grajczak"]
[Black "Houarzhon"]
[Result "0-1"]
[WhiteCountry "POL"]
[BlackCountry "FRA"]
[WhiteElo "1267"]
[WhiteRD "131"]
[BlackElo "1499"]
[BlackRD "117"]
[GameID "351669"]

1. e4 e6 2. d3 Nc6 3. Be3 Bb4+ 4. c3 Ba5 5. Nf3 Nge7 6. Be2 d6 7. O-O e5 8. a4 O-O 9. b4 Bb6 10. a5 Bxe3
11. fxe3 Ng6 12. b5 Nb8 13. Na3 Bd7 14. c4 c6 15. Qb3 cxb5 16. cxb5 P@h3 17. g3 Bg4 18. B@g5 Bxf3 19. Bxf3 Qxg5 20. d4 exd4
21. exd4 B@e3+ 22. P@f2 Bxd4 23. Rad1 P@e5 24. P@e3 Bc5 25. Nc4 Nh4 26. Be2 P@g2 27. B@g4 gxf1=Q+ 28. Rxf1 B@g2
0-1

[Event "CrazyShack: XLVIII Monthly Variant (CrazyShack)"]
[Site "SchemingMind.com"]
[Date "2014.03.21"]
[Round "-"]
[White "Houarzhon"]
[Black "Zipphood"]
[Result "0-1"]
[WhiteCountry "FRA"]
[BlackCountry "SWE"]
[WhiteElo "1510"]
[WhiteRD "131"]
[BlackElo "1825"]
[BlackRD "128"]
[GameID "351670"]

1. e4 e5 2. Nf3 Nc6 3. Bc4 h6 4. c3 Nf6 5. d3 Bc5 6. O-O O-O 7. Be3 Bxe3 8. fxe3 d5 9. exd5 Nxd5 10. Qe1 B@b6
11. P@f2 P@h3 12. gxh3 Bxh3 13. P@g2 P@g4 14. Bxd5 Qxd5 15. B@e4 Qd7 16. Nh4 B@g5 17. Bf5 Qe7 18. gxh3 Bxh4 19. hxg4 h5 20. gxh5 Qg5+
21. P@g4 g6 22. N@f3 Qf6 23. Nxh4 Qxh4 24. Bd7 N@g5 25. Nd2 N@f3+ 26. Nxf3 Nxf3+
0-1

[Event "CrazyShack: XLVIII Monthly Variant (CrazyShack)"]
[Site "SchemingMind.com"]
[Date "2014.03.21"]
[Round "-"]
[White "Zipphood"]
[Black "Houarzhon"]
[Result "1-0"]
[WhiteCountry "SWE"]
[BlackCountry "FRA"]
[WhiteElo "1825"]
[WhiteRD "128"]
[BlackElo "1510"]
[BlackRD "131"]
[GameID "351671"]

1. e4 e6 2. d4 d6 3. Nf3 Be7 4. Be2 Nf6 5. Nc3 Nbd7 6. O-O O-O 7. e5 dxe5 8. dxe5 Ne8 9. Ne4 P@d6 10. exd6 Nxd6
11. Nxd6 Bxd6 12. P@h6 gxh6 13. Bxh6 P@g7 14. Bg5 f6 15. Be3 P@f7 16. c4 Ne5 17. Nxe5 Bxe5 18. Qxd8 Rxd8 19. Q@g4 f5 20. Qh4 Bd7
21. P@e7 Re8 22. Qg5 N@g6 23. Bh5 Bf6 24. N@h6+ gxh6 25. Qxf6 N@g7 26. Bxg6 hxg6 27. Bxh6 B@h8 28. N@g5
1-0

[Event "CrazyShack: XLVIII Monthly Variant (CrazyShack)"]
[Site "SchemingMind.com"]
[Date "2014.03.27"]
[Round "-"]
[White "surfnsuds"]
[Black "Glenn O'Brien"]
[Result "1-0"]
[WhiteCountry "USA"]
[BlackCountry "AUS"]
[WhiteElo "1208"]
[WhiteRD "142"]
[BlackElo "1060"]
[BlackRD "129"]
[GameID "351696"]

1. d4 Nf6 2. f3 d5 3. e3 e6 4. Ne2 c5 5. dxc5 Bxc5 6. Nbc3 Nc6 7. Nd4 Bxd4 8. exd4 O-O 9. Bg5 Qb6 10. Na4 Qxd4
11. Qxd4 Nxd4 12. B@c5 Nxc2+ 13. Kd1 Nxa1 14. Bxf8 Kxf8 15. Q@c5+ P@e7 16. Bxf6
1-0

[Event "CrazyShack: XLVIII Monthly Variant (CrazyShack)"]
[Site "SchemingMind.com"]
[Date "2014.03.27"]
[Round "-"]
[White "Glenn O'Brien"]
[Black "surfnsuds"]
[Result "0-1"]
[WhiteCountry "AUS"]
[BlackCountry "USA"]
[WhiteElo "1060"]
[WhiteRD "129"]
[BlackElo "1208"]
[BlackRD "142"]
[GameID "351697"]

1. e4 e5 2. Nf3 f6 3. Nxe5 fxe5 4. Qh5+ g6 5. Qxe5+ Qe7 6. Qxh8 Qxe4+ 7. Kd1 Qd5 8. Qxh7 Qf7 9. Qxf7+ Kxf7 10. R@f3+ Nf6
11. Nc3 c6 12. Ne4 N@g4 13. h3 d5 14. Ng5+ Kg7 15. hxg4 Nxg4 16. Rf7+ Kg8 17. Rh8+ Kxh8 18. Rxf8+ Kg7 19. Rxc8 Nxf2+ 20. Ke2 Q@g4+
21. Kxf2 Qxg5 22. Rc7+ P@d7 23. Rxb7 P@g3+ 24. Kf3 N@d4#
0-1

[Event "CrazyShack: XLVIII Monthly Variant (CrazyShack)"]
[Site "SchemingMind.com"]
[Date "2014.03.27"]
[Round "-"]
[White "startstek"]
[Black "Glenn O'Brien"]
[Result "1-0"]
[WhiteCountry "ALG"]
[BlackCountry "AUS"]
[WhiteElo "1878"]
[WhiteRD "116"]
[BlackElo "1018"]
[BlackRD "126"]
[GameID "351698"]

1. e4 e5 2. Nf3 Nc6 3. Bc4 Nf6 4. d3 Bc5 5. O-O d6 6. c3 O-O 7. Bg5 h6 8. Bxf6 Qxf6 9. N@d5 Qd8 10. d4 Bb6
11. Nbd2 Bg4 12. Qc2 Bxf3 13. Nxf3 Qd7 14. B@h3 Qe8 15. a4 Rd8 16. b4 a5 17. Nxb6 cxb6 18. b5 Na7 19. dxe5 dxe5 20. P@d7 Rxd7
21. Bxd7 Qxd7 22. Rad1 Qe8 23. B@d6 Qd8 24. Bxf8 Kxf8 25. Rxd8+ Ke7 26. Q@d6#
1-0

[Event "CrazyShack: XLVIII Monthly Variant (CrazyShack)"]
[Site "SchemingMind.com"]
[Date "2014.03.27"]
[Round "-"]
[White "Glenn O'Brien"]
[Black "startstek"]
[Result "0-1"]
[WhiteCountry "AUS"]
[BlackCountry "ALG"]
[WhiteElo "1018"]
[WhiteRD "126"]
[BlackElo "1878"]
[BlackRD "116"]
[GameID "351699"]

1. e4 c5 2. Nf3 e6 3. d4 cxd4 4. Nxd4 a6 5. Nc3 Qc7 6. Bd3 Nc6 7. Be3 d6 8. a3 Nf6 9. O-O Be7 10. h3 O-O
11. f4 P@g6 12. Qe2 Nxd4 13. Bxd4 b5 14. Rf2 Bb7 15. Qe3 Rac8 16. g3 N@c5 17. Qe2 Nxd3 18. cxd3 B@c5 19. Bxc5 dxc5 20. Raf1 b4
21. axb4 cxb4 22. Na2 Bc5 23. Qe1 B@e3
0-1

[Event "CrazyShack: XLVIII Monthly Variant (CrazyShack)"]
[Site "SchemingMind.com"]
[Date "2014.03.24"]
[Round "-"]
[White "Ilang"]
[Black "Glenn O'Brien"]
[Result "1-0"]
[WhiteCountry "HUN"]
[BlackCountry "AUS"]
[WhiteElo "1766"]
[WhiteRD "116"]
[BlackElo "1060"]
[BlackRD "129"]
[GameID "351700"]

1. e4 e5 2. Nf3 Nc6 3. Bb5 a6 4. Bxc6 dxc6 5. Nxe5 Qd4 6. Nxf7 Qxe4+ 7. Qe2 Qxe2+ 8. Kxe2 Kxf7 9. d3 Nf6 10. Ke1 Bb4+
11. P@c3 Bd6 12. N@g5+ Kg6 13. Q@f7+ Kf5 14. P@e4+ Kg4 15. h3+ Kh4 16. Nf3#
1-0

[Event "CrazyShack: XLVIII Monthly Variant (CrazyShack)"]
[Site "SchemingMind.com"]
[Date "2014.03.23"]
[Round "-"]
[White "Glenn O'Brien"]
[Black "Ilang"]
[Result "0-1"]
[WhiteCountry "AUS"]
[BlackCountry "HUN"]
[WhiteElo "1060"]
[WhiteRD "129"]
[BlackElo "1766"]
[BlackRD "116"]
[GameID "351701"]

1. e4 e5 2. Nf3 d6 3. d4 exd4 4. Nxd4 Qe7 5. Nc3 c6 6. Bd3 d5 7. O-O P@b4 8. exd5 bxc3 9. Re1 N@e5 10. f4 cxb2
11. Bxb2 Nxd3 12. Qxd3 P@e6 13. Nf5 B@b6+ 14. P@f2 Qc5
0-1

[Event "CrazyShack: XLVIII Monthly Variant (CrazyShack)"]
[Site "SchemingMind.com"]
[Date "2014.03.23"]
[Round "-"]
[White "Houarzhon"]
[Black "Glenn O'Brien"]
[Result "1-0"]
[WhiteCountry "FRA"]
[BlackCountry "AUS"]
[WhiteElo "1510"]
[WhiteRD "131"]
[BlackElo "1060"]
[BlackRD "129"]
[GameID "351702"]

1. e4 e5 2. Bc4 Nf6 3. d3 Nc6 4. Be3 Be7 5. Nc3 d6 6. Nd5 O-O 7. Nxe7+ Qxe7 8. Ne2 Be6 9. Ng3 Bxc4 10. dxc4 Qe6
11. O-O Qxc4 12. B@b3 Qa6 13. Bg5 Ne8 14. B@d5 Nf6 15. Nf5 Nxd5 16. exd5 Nd4 17. Nxd4 exd4 18. Re1 f6 19. N@e7+
1-0

[Event "CrazyShack: XLVIII Monthly Variant (CrazyShack)"]
[Site "SchemingMind.com"]
[Date "2014.03.23"]
[Round "-"]
[White "Glenn O'Brien"]
[Black "Houarzhon"]
[Result "0-1"]
[WhiteCountry "AUS"]
[BlackCountry "FRA"]
[WhiteElo "1060"]
[WhiteRD "129"]
[BlackElo "1510"]
[BlackRD "131"]
[GameID "351703"]

1. e4 e6 2. d4 c5 3. Nf3 cxd4 4. Nxd4 Bc5 5. Nc3 Ne7 6. Be3 Bxd4 7. Bxd4 f6 8. Qh5+ P@g6 9. Qc5 O-O 10. Nb5 Nbc6
11. O-O-O a6 12. Nd6 Qc7 13. Be3 Qa5 14. Qxa5 Nxa5 15. Bc5 Q@c6
0-1

[Event "CrazyShack: XLVIII Monthly Variant (CrazyShack)"]
[Site "SchemingMind.com"]
[Date "2014.03.23"]
[Round "-"]
[White "Glenn O'Brien"]
[Black "Ingemar Assarsjö"]
[Result "0-1"]
[WhiteCountry "AUS"]
[BlackCountry "SWE"]
[WhiteElo "1060"]
[WhiteRD "129"]
[BlackElo "1326"]
[BlackRD "134"]
[GameID "351704"]

1. e4 e5 2. Nf3 Nc6 3. Bb5 a6 4. Ba4 Bc5 5. O-O d6 6. c3 Bg4 7. h3 Bh5 8. d3 Ne7 9. Nbd2 O-O 10. g4 Bg6
11. Nh4 h6 12. Bxc6 Nxc6 13. Nxg6 fxg6 14. Qb3+ Rf7 15. Qxb7 Na5 16. Qd5 c6 17. Qe6 B@d7 18. Qxg6 N@f4 19. Qxf7+ Kxf7
0-1

[Event "CrazyShack: XLVIII Monthly Variant (CrazyShack)"]
[Site "SchemingMind.com"]
[Date "2014.03.23"]
[Round "-"]
[White "Ingemar Assarsjö"]
[Black "Glenn O'Brien"]
[Result "1-0"]
[WhiteCountry "SWE"]
[BlackCountry "AUS"]
[WhiteElo "1326"]
[WhiteRD "134"]
[BlackElo "1060"]
[BlackRD "129"]
[GameID "351705"]

1. e4 e5 2. Nf3 Nc6 3. Bc4 Nf6 4. d3 Bc5 5. Be3 Bxe3 6. fxe3 d6 7. h3 h6 8. O-O O-O 9. Nc3 Na5 10. Bb3 Nxb3
11. axb3 a6 12. N@d5 Nxd5 13. Nxd5 f5 14. exf5 c6 15. P@e7
1-0

[Event "CrazyShack: XLVIII Monthly Variant (CrazyShack)"]
[Site "SchemingMind.com"]
[Date "2014.03.27"]
[Round "-"]
[White "Glenn O'Brien"]
[Black "Buckaroo Bob"]
[Result "0-1"]
[WhiteCountry "AUS"]
[BlackCountry "USA"]
[WhiteElo "1045"]
[WhiteRD "129"]
[BlackElo "1679"]
[BlackRD "125"]
[GameID "351706"]

1. e4 e5 2. Nf3 Nc6 3. Bb5 Nf6 4. O-O d6 5. d4 exd4 6. Nxd4 Bd7 7. Nc3 Nxd4 8. Bxd7+ Qxd7 9. Qxd4 N@e6 10. Qc4 c6
11. Rd1 O-O-O 12. e5 d5 13. Qa4 b5 14. Qa6+ Kb8 15. exf6 P@b7 16. fxg7 Nxg7 17. Qa5 B@c7 18. Bf4 Bxf4 19. Ne2 Bxh2+ 20. Kxh2 B@c7+
21. Qxc7+ Kxc7
0-1

[Event "CrazyShack: XLVIII Monthly Variant (CrazyShack)"]
[Site "SchemingMind.com"]
[Date "2014.03.27"]
[Round "-"]
[White "Buckaroo Bob"]
[Black "Glenn O'Brien"]
[Result "1-0"]
[WhiteCountry "USA"]
[BlackCountry "AUS"]
[WhiteElo "1679"]
[WhiteRD "125"]
[BlackElo "1045"]
[BlackRD "129"]
[GameID "351707"]

1. e4 e5 2. Nf3 Nc6 3. Bc4 Nf6 4. d3 Bc5 5. h3 d6 6. Ng5 O-O 7. O-O h6 8. Nxf7 Rxf7 9. Bxf7+ Kxf7 10. P@g5 hxg5
11. Bxg5 Be6 12. c3 d5 13. Nd2 Kg6 14. exd5 Qxd5 15. P@e4 Qxd3 16. P@e2 Qg3 17. Bxf6 Bxh3 18. R@h2 N@f3+ 19. Nxf3 Bxf2+ 20. Rxf2 Kxf6
21. B@h4+ P@g5 22. Bxg3 g4 23. Nxe5+ Ke7 24. Q@f7#
1-0

[Event "CrazyShack: XLVIII Monthly Variant (CrazyShack)"]
[Site "SchemingMind.com"]
[Date "2014.03.23"]
[Round "-"]
[White "Glenn O'Brien"]
[Black "michel"]
[Result "0-1"]
[WhiteCountry "AUS"]
[BlackCountry "CAN"]
[WhiteElo "1060"]
[WhiteRD "129"]
[BlackElo "1705"]
[BlackRD "129"]
[GameID "351708"]

1. e4 e5 2. Nf3 Nc6 3. Bb5 d6 4. d4 exd4 5. Nxd4 Bd7 6. Nc3 Nxd4 7. Bxd7+ Qxd7 8. Qxd4 B@c5 9. Qb4 Bxb4 10. f3 Qb5
0-1

[Event "CrazyShack: XLVIII Monthly Variant (CrazyShack)"]
[Site "SchemingMind.com"]
[Date "2014.03.23"]
[Round "-"]
[White "michel"]
[Black "Glenn O'Brien"]
[Result "1-0"]
[WhiteCountry "CAN"]
[BlackCountry "AUS"]
[WhiteElo "1705"]
[WhiteRD "129"]
[BlackElo "1060"]
[BlackRD "129"]
[GameID "351709"]

1. Nf3 Nf6 2. d4 g6 3. Nc3 Bg7 4. e4 d6 5. Bc4 O-O 6. h4 Bg4 7. Bg5 Nbd7 8. Qd2 c5 9. Be3 Nb6 10. Be2 Bxf3
11. gxf3 cxd4 12. Bxd4 Rc8 13. P@b3 Nfd7 14. Bxg7 Kxg7 15. h5 Ne5 16. hxg6 hxg6 17. Qh6+ Kf6 18. B@g7+ Ke6 19. B@h3+
1-0

[Event "CrazyShack: XLVIII Monthly Variant (CrazyShack)"]
[Site "SchemingMind.com"]
[Date "2014.03.27"]
[Round "-"]
[White "Glenn O'Brien"]
[Black "Adrian Grajczak"]
[Result "0-1"]
[WhiteCountry "AUS"]
[BlackCountry "POL"]
[WhiteElo "1018"]
[WhiteRD "126"]
[BlackElo "1267"]
[BlackRD "131"]
[GameID "351710"]

1. e4 c5 2. Nf3 Nc6 3. d4 cxd4 4. Nxd4 Nxd4 5. Qxd4 d6 6. Nc3 Nf6 7. Bg5 e5 8. Bb5+ Bd7 9. Qa4 P@c6 10. Bc4 b5
11. Qb3 bxc4 12. Qa4 Be7 13. O-O N@c5 14. Qb4 O-O 15. Bxf6 Bxf6 16. Rad1 a5 17. Qa3 Rb8 18. Rfe1 B@b4 19. Qb3 cxb3 20. axb3 Bxc3
21. bxc3 N@g5 22. Rxd6 Ncxe4 23. Rdd1 Nxc3 24. Rc1 Bg4 25. h3 Ne2+
0-1

[Event "CrazyShack: XLVIII Monthly Variant (CrazyShack)"]
[Site "SchemingMind.com"]
[Date "2014.03.27"]
[Round "-"]
[White "Adrian Grajczak"]
[Black "Glenn O'Brien"]
[Result "1-0"]
[WhiteCountry "POL"]
[BlackCountry "AUS"]
[WhiteElo "1192"]
[WhiteRD "149"]
[BlackElo "1045"]
[BlackRD "129"]
[GameID "351711"]

1. e4 e5 2. Nf3 Nc6 3. Bb5 a6 4. Ba4 Nf6 5. d3 b5 6. Bb3 Be7 7. c3 O-O 8. Qe2 d6 9. Nbd2 Nh5 10. Nf1 Nf4
11. Bxf4 exf4 12. N1d2 Na5 13. Bc2 c5 14. O-O g5 15. Kh1 g4 16. Ng1 f5 17. exf5 Bxf5 18. N@e6 Bxe6 19. Qxe6+ Kh8 20. Qxg4 Nc6
21. P@g7+
1-0

[Event "CrazyShack: XLVIII Monthly Variant (CrazyShack)"]
[Site "SchemingMind.com"]
[Date "2014.03.23"]
[Round "-"]
[White "Glenn O'Brien"]
[Black "Zipphood"]
[Result "0-1"]
[WhiteCountry "AUS"]
[BlackCountry "SWE"]
[WhiteElo "1060"]
[WhiteRD "129"]
[BlackElo "1825"]
[BlackRD "128"]
[GameID "351712"]

1. e4 e5 2. Nf3 Nc6 3. Bb5 d6 4. d4 exd4 5. Nxd4 Bd7 6. Nc3 Nxd4 7. Bxd7+ Qxd7 8. Qxd4 P@h3 9. gxh3 Qxh3 10. Nd5 N@f3+
0-1

[Event "CrazyShack: XLVIII Monthly Variant (CrazyShack)"]
[Site "SchemingMind.com"]
[Date "2014.03.23"]
[Round "-"]
[White "Zipphood"]
[Black "Glenn O'Brien"]
[Result "1-0"]
[WhiteCountry "SWE"]
[BlackCountry "AUS"]
[WhiteElo "1825"]
[WhiteRD "128"]
[BlackElo "1060"]
[BlackRD "129"]
[GameID "351713"]

1. e4 e5 2. Nf3 Nc6 3. Bb5 a6 4. Bxc6 dxc6 5. Nxe5 Qd4 6. N@f3 Qxe4+ 7. P@e2 Qf5 8. d3 B@b4+ 9. c3 Bbd6 10. e4 Qh5
11. Bf4 f6 12. Ng5 Qxd1+ 13. Kxd1 Bxe5 14. Q@f7+
1-0